पामिस्ट्री के अनुभूत प्रयोग / (Record no. 36868)
[ view plain ]
| 000 -LEADER | |
|---|---|
| fixed length control field | 01232nam a22002177a 4500 |
| 005 - DATE AND TIME OF LATEST TRANSACTION | |
| control field | 20100709151516.0 |
| 008 - FIXED-LENGTH DATA ELEMENTS--GENERAL INFORMATION | |
| fixed length control field | 100709t xxu||||| |||| 00| 0 hin d |
| 010 ## - LCCN (DPL NO) | |
| LC control number | HIN-89650 |
| 020 ## - INTERNATIONAL STANDARD BOOK NUMBER | |
| International Standard Book Number | 9788190439343 |
| Terms of availability | 160.00 |
| 035 ## - SYSTEM CONTROL NUMBER | |
| System control number | HN-61996 |
| 037 ## - SOURCE OF ACQUISITION | |
| Source of stock number/acquisition | DBAD / PUB |
| 040 ## - CATALOGING SOURCE | |
| Original cataloging agency | DPL |
| Language of cataloging | HN |
| 100 ## - MAIN ENTRY--PERSONAL NAME | |
| Personal name | वर्मा, दयानंद |
| 9 (RLIN) | 1023 |
| 245 ## - TITLE STATEMENT | |
| Title | पामिस्ट्री के अनुभूत प्रयोग / |
| Statement of responsibility, etc | दयानंद वर्मा |
| 260 ## - PUBLICATION, DISTRIBUTION, ETC. (IMPRINT) | |
| Place of publication, distribution, etc | नई दिल्ली |
| Name of publisher, distributor, etc | इंस्टीच्यूट ऑफ पामिस्ट्री |
| Date of publication, distribution, etc | 2009 |
| 270 ## - ADDRESS | |
| Address | W-21, ग्रेटर कैलाश पार्ट-1 |
| City | नई दिल्ली |
| Postal code | 110048 |
| Telephone number | 011- 29242432, 41630337 |
| Electronic mail address | dayanandverma@yahoo.com |
| 300 ## - PHYSICAL DESCRIPTION | |
| Extent | 152पृ |
| Dimensions | 22सेमी (सजिल्द) |
| 500 ## - GENERAL NOTE | |
| General note | हस्तरेखा विद्या पर इंस्टीच्यूट ऑफ पामिस्ट्री की एक खोजपूर्ण पुस्तक |
| 942 ## - ADDED ENTRY ELEMENTS (KOHA) | |
| Source of classification or shelving scheme | Dewey Decimal Classification |
| Item type | Hindi Books |
| Call number suffix | 133.5वर्माद |
| Withdrawn status | Lost status | Source of classification or shelving scheme | Damaged status | Not for loan | Collection code | Home library | Current library | Date acquired | Source of acquisition | Cost, normal purchase price | Total Checkouts | Full call number | Barcode | Date last seen | Copy number | Cost, replacement price | Koha item type |
|---|---|---|---|---|---|---|---|---|---|---|---|---|---|---|---|---|---|
| Dewey Decimal Classification | Not For Loan | Non-fiction | D.B.Act.Division | D.B.Act.Division | 09/07/2010 | DBAD / PUB | 160.00 | 133.5वर्माद | HN-61996 | 09/07/2010 | 1 | 160.00 | Hindi Books |
